01518nam a2200361 a 4500001001200000003000800012006001900020007001500039008004100054010001700095020002800112040002100140035002100161050002500182082001700207100003200224245011300256250002600369260006300395300002300458490006000481500006900541504006400610533015200674650001900826650001800845650003200863655002900895700002800924710001700952830006100969856012601030ebr10067306CaPaEBRm u cr cn|||||||||960719s1997 ne a sb 001 0 eng  z 96034011  z0792342119 (alk. paper) aCaPaEBRcCaPaEBR a(OCoLC)64672271314aQC921.5b.P78 1997eb04a551.57/62201 aPruppacher, Hans R.,d1930-10aMicrophysics of clouds and precipitationh[electronic resource] /cby Hans R. Pruppacher and James D. Klett. a2nd rev. and enl. ed. aDordrecht ;aBoston :bKluwer Academic Publishers,cc1997. axx, 954 p. :bill.1 aAtmospheric and oceanographic sciences library ;vv. 18 a"With an introduction to cloud chemistry and cloud electricity." aIncludes bibliographical references (p. 874-934) and index. aElectronic reproduction.bPalo Alto, Calif. :cebrary,d2013.nAvailable via World Wide Web.nAccess may be limited to ebrary affiliated libraries. 0aCloud physics. 0aMicrophysics. 0aPrecipitation (Meteorology) 7aElectronic books.2local1 aKlett, James D.,d1940-2 aebrary, Inc. 0aAtmospheric and oceanographic sciences library ;vv. 18.40uhttp://site.ebrary.com/lib/rucke/Doc?id=10067306zAn electronic book accessible through the World Wide Web; click to view